00504nam a22001697a 450000500170000001000280001702000230004503500270006803700210009508200080011610000200012424500510014426000360019527000580023130000260028950000190031520100723144210.0 aENG-96782 B-452573-577 a8178242532c495.00 aEN-80315 B-452573-577 bVirtuous Pub/Ven a810 aSawhney, Simona aThe modernity of Sanskrit /cby Simona Sawhney aRanikhetbPermanent blackc2009 aHimalayana, mall road, Ranikhet cantt, ranikhet 26365 axi, 213 pc21 cm (Hb) aIncludes index